[Event "GMA Open"]
[Site "Moscow RUS"]
[Date "1989.??.??"]
[Round "8"]
[White "Dautov, Rustem"]
[Black "Kramnik, Vladimir"]
[Result "1-0"]
[WhiteElo "2535"]
[BlackElo "2490"]
[PlyCount "71"]
[EventDate "1989.05.??"]
[Source "www.chesslib.no"]
[SourceDate "2004.05.04"]

1. d4 f5 2. g3 Nf6 3. Bg2 g6 4. Nf3 Bg7 5. O-O O-O 6. c4 d6 7. Nc3 Qe8 8. b3 Na6 9. Ba3 c6 10. Qd3 Rb8 11. Nd2 Nc7 12. Rac1 b5 13. Bb2 Be6 14. cxb5 cxb5 15. d5 Bf7 16. b4 Qd7 17. Ba1 g5 18. Nb3 f4 19. Qd2 Qg4 20. Nd4 a6 21. e4 fxe3 22. fxe3 Bg6 23. e4 Rbc8 24. Nf5 Bxf5 25. Rxf5 h6 26. Bf3 Qh3 27. Ne2 Na8 28. Bxf6 Bxf6 29. Kh1 Rxc1+ 30. Qxc1 Bg7 31. Ng1 Rxf5 32. Qc8+ Kh7 33. Nxh3 Rf8 34. Qg4 Nb6 35. Qh5 Bf6 36. Bg4 1-0